Kogo to numer - polski rap #1 - Statystyki

Ogólne statystyki
  • Ten quiz został rozwiązany 76 razy
  • Średni wynik to 5 z 10
Statystyki odpowiedzi
Hint Odpowiedź % Poprawnych
Hype Quebonafide
71%
Tajfun92 Guzior
68%
Hałas Szpaku
61%
Żyrandol Taco Hemingway
50%
Generacja Hip Hop Chivas
45%
Jak Disney PRO8L3M
45%
Otchłań Gedz
42%
good will hunting schafter
39%
Powiedział mi ktoś Sarius
37%
Żołnierz Kaz Bałagane
19%
Nie znaleziono quizów pasujących do podanych kryteriów
Rozkład punktacji
Procent ludzi z każdym wynikiem
Percentyl według liczby udzielonych odpowiedzi
Twoja historia wyników
Nie rozwiązałeś tego quizu